00684 a2200181 4500003000500000005001700005040000900022082001400031100002500045245007900070260003700149300001100186505011400197650003200311942001400343999001900357952012600376Nust20230621085331.0 cNust a384.5,RHE aEduard Rhein9113193 aWonder of the waves :bWireless and Telvision for Everyman /cEduard Rhein aLondonbThe scintefic bookc1940 a256,p; aPart.1 The Distant Sound (Page-3), Part.2 The Voice of Steel (Page-145), Part.3 The Magic Mirror (Page-195).  aWonder of the waves9113194 2ddccBKB  c185319d185319 00102ddc4070aMCSbMCScGENd2016-12-12o384.5,RHEpMCS29753r2016-12-08w2016-12-12yBKB zAlmirah No.109, Shelf No.5